000 00685nam a2200181 i 4500
001 30793
003 ES-MaACL
005 20230906154245.0
007 t|
008 030127s1922 sp ||||1| spa d
100 1 _aBayo y González-Elipe, José Manuel de.
_926699
245 1 3 _aLa política de Francia con nuestros vinos y algunas orientaciones frente a la misma /
_cJosé Manuel de Bayo y González-Elipe.
260 _aMadrid :
_b[s.n.],
_c1922 (
_fSobrinos de los Suc. de M. Minuesa)
300 _a49 p. ;
_c22 cm.
594 _aPrecede al tít.: Asociación de Agricultores de España.
710 0 _aAsociación de Agricultores de España.
_91550
852 _aES-MaACL
_j1626-F-5
999 _c30793
_d30793